000 01334cam a2200313 a 4500
999 _c785
_d785
001 12664628
003 OSt
005 20210617091101.0
008 020201s2003 enk b 001 0 eng
010 _a 2002022044
020 _a0195148711 (alk. paper)
040 _aDLC
_cDLC
_dDLC
043 _an-us---
050 0 0 _aKF3775
_b.L384 2003
082 0 0 _a344.73/04
_221
245 0 0 _aLaw in public health practice /
_cedited by Richard A. Goodman ... [et al.] ; with the assistance of Karen Foster.
260 _aOxford ;
_aNew York :
_bOxford University Press,
_c2003.
300 _axxxiv, 462 p. ;
_c25 cm.
504 _aIncludes bibliographical references and index.
650 0 _aPublic health laws
_zUnited States.
650 0 _aPublic health personnel
_xLegal status, laws, etc.
_zUnited States.
650 0 _aPublic health administration
_zUnited States.
700 1 _aGoodman, Richard A.
_q(Richard Alan),
_d1949-
856 4 2 _3Publisher description
_uhttp://www.loc.gov/catdir/enhancements/fy0612/2002022044-d.html
856 4 1 _3Table of contents only
_uhttp://www.loc.gov/catdir/enhancements/fy0612/2002022044-t.html
906 _a7
_bcbc
_corignew
_d1
_eocip
_f20
_gy-gencatlg
942 _2lcc
_cBK
_nDO